| 000 | 00424nam a2200169 a 4500 | ||
|---|---|---|---|
| 001 | 0000-8987 | ||
| 003 | ELIB.Books | ||
| 008 | 110520 1991 | ||
| 035 | _a(ELIB.Books)0000-9136 | ||
| 082 |
_a266 _bSma |
||
| 100 | _aSmalley, William A. | ||
| 245 | _aTranslation as Mission | ||
| 260 |
_bMacon: Mercer University Press _c1991 |
||
| 650 | _aMission | ||
| 942 |
_2ddc _cBK |
||
| 998 |
_cbat _e2011-05-20 |
||
| 999 |
_c8987 _d8987 |
||